[Event "Oslo-ch"]
[Site "Oslo"]
[Date "2017.??.??"]
[Round "2"]
[White "Dyrdal, Idar"]
[Black "Bergfjord, Idar"]
[Result "0-1"]
[WhiteElo "1592"]
[BlackElo "1782"]
[PlyCount "96"]
[EventDate "2017.08.16"]
[EventType "swiss"]
[EventRounds "9"]
[EventCountry "NOR"]
[SourceTitle "EXT 2024"]
[Source "ChessBase"]
[SourceDate "2023.10.10"]
[SourceVersion "1"]
[SourceVersionDate "2023.10.10"]
[SourceQuality "1"]

1. d4 Nf6 2. c4 e6 3. Nc3 Bb4 4. a3 Bxc3+ 5. bxc3 d5 6. e3 a5 7. Nf3 a4 8. Qc2 0-0 9. Bd3 Nc6 10. 0-0 h6 11. Rb1 Re8 12. c5 e5 13. Bb5 exd4 14. cxd4 Bd7 15. Bxc6 Bxc6 16. Ne5 Ne4 17. f3 Ng5 18. h4 Ne6 19. Qf5 Qe7 20. Qg4 f6 21. Ng6 Qf7 22. f4 f5 23. Qg3 Rab8 24. Ne5 Qf6 25. Rb4 Nf8 26. Bd2 Nd7 27. Rfb1 Re7 28. Ng6 Rf7 29. Ne5 Nxe5 30. fxe5 Qe6 31. Rf1 Kh8 32. Rf4 Rg8 33. Rb1 g5 34. hxg5 Rxg5 35. Qf3 Rfg7 36. Rf1 Rg3 37. Qf2 Qg6 38. Qxg3 Qxg3 39. R1f2 Bb5 40. Rxf5 Bd3 41. Rf8+ Kh7 42. R8f3 Qg4 43. Rf4 Qd1+ 44. Kh2 Be4 45. e6 Qh5+ 46. Kg1 Qg6 47. Rf6 Qg4 48. Rf7 Qxe6 0-1